000 00697nam a22002537a 4500
003 CHAP
005 20220329140831.0
008 971013s1963 r 00010 d
010 _a58330
011 _a59302
035 _a63460
040 _cCHAP
082 _a581.13
_bS88
100 0 0 _aStreet, H. E.
_9109973
245 _aPlant metabolism
260 _aOxford :
_bPergamon Press,
_c1963
300 _a238 p.
_b: ilus.
590 _aBATCH-UPD
_b10
_c20130110
_lUCH01
_h2039
590 _aCONVERSION
_b10
_c20130109
_lUCH01
_h1331
650 1 4 _aPlantas
_xMetabolismo.
_988858
901 _aBK
942 _cLIBRO
949 _a581.13 S88
_bBC
_cLIBRO
_d33724000512760
_eLIBRO
_h9292
_i63460
_si
_t48.00
999 _c58330
_d58330